000 00441nam a2200181Ia 4500
005 20250423100408.0
008 250422s9999 xx 000 0 und d
020 _a9789757292418
050 _aBP 166.8 .G85/
100 _aGülen, M. Fethullah
245 0 _aÖlüm ötesi hayat
260 _aİzmir
260 _bNil
260 _c2008
300 _a92 p
650 _aIslam -- Eschatology Future life İslam -- Ölüm
942 _cBK
999 _c33173
_d33173